000 00274nam a22001217a 4500
008 180221b xxu||||| |||| 00| 0 eng d
041 _aeng
080 _a33
100 _a58
101 _aBUS
245 _aBUSINESS DRIVEN INFORMATION SYSTEMS
_cJAMES.R
942 _2udc
_cBK
999 _c43082
_d43082